000
00320nam a22001217a 4500
008
160419b xxu||||| |||| 00| 0 eng d
020
_a
9780323032483
020
_a
9780323032483
041
_a
eng
080
_a
618.2
245
_a
Critical Care Nursing:
_c
Linda D. Urden :Kathleen M. Stacy: Mary Loungh;
942
_2
udc
_c
BK
999
_c
1445
_d
1445